000 00528nam a2200193Ia 4500
005 20250508152106.0
008 008 250505s9999 xx 000 0 eng d
037 _aTextual
040 _aFEDL
_beng
_cFEDL
041 _aeng
_2eng
084 _a155.4, HYM
_qFEDL
100 _aHymes James L.
_9758133
245 0 _aDiscipline
260 _aNew York, USA
_bTeachers College Columbia University
_c1956
300 _a44p
650 _aChild psychology
942 _cTEXL
_h155.4, HYM
999 _c1334200
_d1334200